Proposed Indian States on Map - Statistics

General Stats
  • This quiz has been taken 29 times
  • The average score is 29 of 75
Answers on the Map
Answers color-coded by a green-red scale on the quiz's map according to % correct below.
 
Answer Stats
State / UT % Correct
West Bengal
96%
Gujarat
92%
Kashmir
92%
Delhi
88%
Greater Punjab
88%
Assam
83%
Kerala
83%
Jammu
79%
Tamil Nadu
75%
Sikkim
71%
Haryana
67%
Mizoram
67%
Odisha
67%
Arunachal Pradesh
63%
Nagaland
63%
Telangana
63%
Tripura
63%
Ladakh
58%
Lakshadweep
58%
Maharashtra
58%
Manipur
58%
Andhra Pradesh
54%
Himachal Pradesh
54%
Madhya Pradesh
54%
Rajasthan
54%
Uttarakhand
54%
Andaman & Nicobar Islands
50%
Chhattisgarh
50%
Karnataka
50%
Jharkhand
46%
Konkan
42%
Kutch
42%
Puducherry
38%
Awadh
33%
Bodoland
33%
Dadra & Nagar Haveli & Daman & Diu
33%
Tulu Nadu
33%
Bhojpur
29%
Braj Pradesh
29%
Gorkhaland
29%
Mithila
29%
Vidarbha
29%
Bundelkhand
25%
Kongu Nadu
25%
Rayalaseema
25%
Garoland
21%
Kamtapur
21%
Kukiland
21%
North Bengal
21%
Vindhya Pradesh
21%
Bhil Pradesh
17%
Harit Pradesh
17%
Khasiland
17%
North Karnataka
17%
Panun Kashmir
17%
Bagelkhand
13%
Dimaraji
13%
Frontier Nagaland
13%
Karbiland
13%
Kodagu
13%
Magadha Rajya
13%
Marathwada
13%
Maru Pradesh
13%
Purvanchal
13%
Saurastra
13%
Sindhi State
13%
Tipraland
13%
Ahomland
8%
Barak State
8%
Jungle Mahal
8%
Kosal
8%
Malwa
8%
Chakmaland
4%
Gondwana
4%
Mahakoshal
4%
No matching quizzes found
Score Distribution
Percent of People with Each Score
Percentile by Number Answered
Your Score History
You have not taken this quiz